000 00501nam a2200181Ia 4500
005 20250508151220.0
008 008 250505s9999 xx 000 0 eng d
037 _aReference
040 _aFEDL
_beng
_cFEDL
041 _aeng
_2eng
084 _a371.26, BAL
_qFEDL
100 _aBallard Philip Boswood
_9140114
245 0 _aNew examiner
260 _aLondon, UK
_bUniversity of London Press, Ltd
_c1949
300 _a269p
942 _cREF
_h371.26, BAL
999 _c1328266
_d1328266